000 00357nam a22001457a 4500
008 240207b ||||| |||| 00| 0 eng d
020 _a9781416605706
041 _aeng
080 _22007
_a37
082 _a37PIT
100 _a23
101 _aEDUKIMI
245 _aUSING TECHNOLOGY WITH CLASSROM INSTRUCTION THAT WORKS
_cHOWARD PITLER
942 _2udc
_cBK
999 _c60592
_d60592